000
00204nam a22000977a 4500
999
_c
16215
_d
16215
003
OSt
008
200624b ||||| |||| 00| 0 eng d
100
_a
Narayana Iyyer
_9
4627
245
_a
Zoology
942
_c
BK